000 00920cam a22002054a 4500
005 20250605164056.0
008 250528s ||||||||||||||||||||||||d
035 _a17484
020 _a3719015343
040 _aGR-AtMCL
_bgre
_dGR-AtMCL
_eAACR2
245 1 _aReal Estate in Switzerland
260 _bBar & Karrer,
_c1996
300 _a88
520 _aIntroduction, Interests in Land and Their Protection, Title to Land, Transactions in Land, Leases and Occupational Rights, Liabilities, Finance, Property Investment and Investment Market, Security, Companies and Business Entities, Taxes, Restrictions on Use and Other Restrictions, Acquisition of Real Estate by Foreigners, Environmental Protection, Planning and Building Regulations, Development of Real Estate, Literature.
700 1 _aHanseler Peter
_93623
700 1 _aHochstrasser Daniel
_93624
942 _cBK
999 _c2893
_d2893